000 00420nam a2200169Ia 4500
001 8674
003 IN-NITTTR
005 20251114233040.0
008 251113s9999||||xx |||||||||||||| ||eng||
040 _beng
040 _cIN-NITTTR
041 _aeng
082 _a923.2 K124B
100 _aKalhan, Promilla
245 0 _aBlack wednesday power politics,emergency and elections. /
_cKalhan, Promilla
942 _2ddc
_cBK
999 _c11311
_d11311